Statistics for Reservoir Dogs Nicknames

Click here to take the quiz!

General Stats

  • This quiz has been taken 776 times
  • The average score is 5 of 6

Answer Stats

ActorNickname% Correct
Steve BuscemiMr. Pink
99%
Harvey KeitelMr. White
96%
Edward BunkerMr. Blue
95%
Tim RothMr. Orange
94%
Quentin TarantinoMr. Brown
92%
Michael MadsenMr. Blonde
63%

Score Distribution

Percentile by Number Answered

Percent of People with Each Score

Your Score History

You have not taken this quiz